|
|
|
|
| LEADER |
00000nam0a2200000 4500 |
| 001 |
312706 |
| 005 |
20231102002518.0 |
| 010 |
|
|
|a 5913021088
|
| 035 |
|
|
|a (RuTPU)RU\TPU\book\338076
|
| 090 |
|
|
|a 312706
|
| 100 |
|
|
|a 20151225d2010 k y0rusy50 ca
|
| 101 |
0 |
|
|a rus
|
| 102 |
|
|
|a RU
|
| 105 |
|
|
|a a z 001zy
|
| 200 |
1 |
|
|a Воздушно-центробежная классификация микропорошков
|f А. Т. Росляк, П. Н. Зятиков
|g Томский государственный университет (ТГУ)
|
| 210 |
|
|
|a Томск
|c ТМЛ-Пресс
|d 2010
|
| 215 |
|
|
|a 224 с.
|c ил.
|
| 320 |
|
|
|a Библиогр.: с. 214-220.
|
| 330 |
|
|
|a В книге представлен обзор современного состояния техники воздушно-центробежной классификации частиц твердых материалов по размерам как одного из наиболее эффективных методов в различных технологических процессах, связанных с получением, переработкой микропорошков и производством на их основе новых перспективных материалов и изделий.Описаны комплексные исследования центробежной сепарации частиц в воздушном потоке от стадии изучения закрученных гетерогенных потоков до создания опытно-промышленных образцов аппаратов и их применения в различных отраслях промышленности. Исследована аэродинамика зоны сепарации в воздушно-центробежных классификаторах нескольких типоразмеров при различных режимах работы аппаратов и геометрии сепарационных элементов. Разработан универсальный показатель эффективности классификации.Для научных, инженерных работников, аспирантов и студентов, специализирующихся в области порошковой металлургии, химической промышленности, нанотехнологий, энергетики и в других отраслях промышленности, связанных с производством новых перспективных материалов и изделий на основе прецизионных микропорошков.
|
| 606 |
1 |
|
|a Микропорошки
|2 stltpush
|3 (RuTPU)RU\TPU\subj\43704
|9 63166
|
| 610 |
1 |
|
|a воздушно-центробежные классификаторы
|
| 610 |
1 |
|
|a систематизация
|
| 610 |
1 |
|
|a методы
|
| 610 |
1 |
|
|a анализ
|
| 610 |
1 |
|
|a сепарационные элементы
|
| 610 |
1 |
|
|a аэродинамика
|
| 610 |
1 |
|
|a частицы
|
| 610 |
1 |
|
|a противоточная сепарация
|
| 610 |
1 |
|
|a применение
|
| 675 |
|
|
|a 621.762
|v 4
|
| 700 |
|
1 |
|a Росляк
|b А. Т.
|c геолог
|c профессор Томского политехнического университета, доктор технических наук
|f 1946-
|g Александр Тихонович
|2 stltpush
|3 (RuTPU)RU\TPU\pers\26103
|
| 701 |
|
1 |
|a Зятиков
|b П. Н.
|c геолог
|c профессор Томского политехнического университета, доктор технических наук
|f 1947-
|g Павел Николаевич
|2 stltpush
|3 (RuTPU)RU\TPU\pers\32729
|
| 712 |
0 |
2 |
|a Томский государственный университет (ТГУ)
|2 stltpush
|3 (RuTPU)RU\TPU\col\397
|
| 801 |
|
1 |
|a RU
|b 63413507
|c 20151225
|
| 801 |
|
2 |
|a RU
|b 63413507
|c 20160330
|g RCR
|
| 942 |
|
|
|c BK
|